[Event "ch-Privolzhsky Region"]
[Site "Ishevsk RUS"]
[Date "2005.03.24"]
[Round "9"]
[White "Askarov,M"]
[Black "Derbenev,A"]
[Result "1-0"]
[WhiteElo "2434"]
[BlackElo "2313"]

1.g3 d5 2.Nf3 Nc6 3.d4 Bg4 4.Bg2 Nf6 5.c4 e6 6.Ne5 Bf5 7.cxd5 exd5 8.Nxc6 bxc6
9.Nc3 Bd6 10.Bg5 O-O 11.O-O Rb8 12.Na4 h6 13.Bxf6 Qxf6 14.Rc1 Bd7 15.e3 Rb5
16.Qe2 Rfb8 17.Rc2 Ra5 18.b3 Ba3 19.Qd2 Rab5 20.Nc3 R5b6 21.e4 dxe4 22.Nxe4 Qg6
23.Nc5 Bf5 24.Rc4 Rb4 25.Na6 Rxc4 26.bxc4 Rd8 27.Nxc7 Bd3 28.Rd1 Bxc4 29.Qc3 Be2
30.Re1 Qd3 31.Qa5 Rxd4 32.Qe5 Bd6 33.Qe8+ Kh7 34.Rxe2 f5 35.Bf1 Qb1 36.Re1 Qxa2
37.Re6  1-0

[Event "ch-Privolzhsky Region"]
[Site "Ishevsk RUS"]
[Date "2005.03.24"]
[Round "9"]
[White "Yandemirov,V"]
[Black "Khismatullin,D"]
[Result "1/2-1/2"]
[WhiteElo "2481"]
[BlackElo "2548"]

1.Nf3 d5 2.g3 Nf6 3.Bg2 c6 4.O-O Bg4 5.d4 e6 6.Nbd2 Nbd7 7.c3 Bd6 8.Re1 O-O
9.e4 dxe4 10.Nxe4 Nxe4 11.Rxe4 Bf5 12.Re1  1/2-1/2

[Event "ch-RUS w 1st League"]
[Site "Samara RUS"]
[Date "2005.03.24"]
[Round "2"]
[White "Fominykh,M"]
[Black "Gunina,V"]
[Result "1/2-1/2"]
[WhiteElo "2282"]
[BlackElo "2342"]

1.Nf3 d5 2.g3 Nf6 3.Bg2 c6 4.O-O Bf5 5.d3 e6 6.Nbd2 h6 7.Qe1 Bh7 8.e4 Be7
9.b3 O-O 10.Bb2 Nbd7 11.Kh1 Nc5 12.Ng1 Qb6 13.f4 dxe4 14.dxe4 Rfd8 15.Nc4 Qc7
16.f5 exf5 17.exf5 Qd7 18.Ne5 Qe8 19.Qe2 Ncd7 20.Rae1 Nxe5 21.Qxe5 Bb4 22.Qxe8+ Rxe8
23.Rxe8+ Nxe8 24.g4 Kf8 25.Rd1 Bd6 26.Nf3 Rd8 27.Ne1 Be7 28.Nd3 Nf6 29.h3 Nd5
30.Re1 Nf6 31.a4 Ne8 32.a5 a6 33.Bc3 f6 34.Nf4 Nc7 35.Bf3 Bd6 36.Rd1 Ke7
37.Re1+ Kd7 38.Nh5 Ne8 39.Kg2 Kc8 40.Re2 Bg8 41.Bd4 Bf7 42.Bb6 Rd7 43.Ng3 Be5
44.Ne4 Bf4 45.Re1 Nc7 46.c4 Rd3 47.Bd1 Be5 48.Bc2 Rd7 49.Re2 Rd8 50.Nc5 Re8
51.Nd3 Bc3 52.Rxe8+ Bxe8 53.Nc5 Bf7 54.Ne4 Bb4 55.Bc5 Bxc5 56.Nxc5 Ne8 57.Kf3 Nd6
58.Kf4 Kc7 59.h4 b6 60.axb6+ Kxb6 61.Nd7+ Kc7 62.Nc5 a5 63.g5 hxg5+ 64.hxg5 fxg5+
65.Kxg5 Nb7 66.Nxb7 Kxb7 67.Bd1 Be8 68.Bh5 Bd7 69.Kg6 Be8+ 70.Kg5 Bd7 71.Bf7 Kc7
72.c5 Kd8 73.Kg6 Ke7 74.Bc4 Kf8 75.f6 Be8+ 76.f7 Bd7 77.Kg5 Bh3 78.Kg6 Bg4
79.Kg5 Bd1 80.Kg6 Bc2+ 81.Kg5 Bb1 82.Be6 Ba2 83.Kf5 g6+ 84.Kf6 g5 85.Bd7 Bxb3
86.Bxc6 g4 87.Be4 Ba4 88.c6 Bxc6 89.Bxc6 g3 90.Ke5 a4 91.Kd4  1/2-1/2

[Event "ch-EU"]
[Site "Cork IRL"]
[Date "2005.03.26"]
[Round "5"]
[White "Ledger,A"]
[Black "Quinn,M"]
[Result "1/2-1/2"]
[WhiteElo "2450"]
[BlackElo "2395"]

1.Nf3 d5 2.g3 c6 3.Bg2 Bg4 4.b3 Nd7 5.Bb2 e6 6.O-O Ngf6 7.d3 Bc5 8.Nbd2 O-O
9.e4 dxe4 10.dxe4 e5 11.h3 Bxf3 12.Qxf3 b5 13.Qe2 Qe7 14.a4 a6 15.Nf3 g6
16.h4 Nh5 17.Kh2 Rfe8 18.Bh3 f6 19.Rfd1 Nf8 20.Rd3 Ng7 21.Kg2 Rad8 22.Rad1 Nge6
23.Rxd8  1/2-1/2

[Event "78th ch-City"]
[Site "St Petersburg RUS"]
[Date "2005.03.26"]
[Round "10"]
[White "Loginov,Va"]
[Black "Vitiugov,N"]
[Result "1/2-1/2"]
[WhiteElo "2507"]
[BlackElo "2478"]

1.Nf3 d5 2.g3 Nf6 3.Bg2 c5 4.O-O e6 5.c4 d4 6.e3 Nc6 7.exd4 cxd4 8.d3 Be7
9.a3 a5 10.Bg5 O-O 11.Nbd2 h6 12.Bxf6 Bxf6 13.Rb1 Be7 14.Qe2 Qc7 15.Rfe1 a4
16.Ne5 Ra5 17.Nxc6 bxc6 18.b4 axb3 19.Nxb3 Rxa3 20.Nxd4 Ra6 21.Nf3 c5 22.Rb3 Bb7
23.Ne5 Bxg2 24.Kxg2 Bf6 25.Qe4 Rd8 26.Rb7 Qxe5 27.Qxe5 Bxe5 28.Rxe5 Rc6 29.Rb5  1/2-1/2

[Event "Western Pacific Open"]
[Site "Burbank USA"]
[Date "2005.03.27"]
[Round "4"]
[White "Yermolinsky,A"]
[Black "Sevillano,E"]
[Result "1-0"]
[WhiteElo "2570"]
[BlackElo "2445"]

1.Nf3 d5 2.g3 Nf6 3.Bg2 c6 4.O-O g6 5.d3 Bg7 6.Nbd2 O-O 7.e4 Bg4 8.Qe2 dxe4
9.dxe4 Qc8 10.Nc4 Na6 11.Nce5 Nc5 12.Nxg4 Qxg4 13.e5 Nd5 14.c4 Nb6 15.b3 Rfe8
16.Ba3 Ncd7 17.Rae1 Nf8 18.h3 Qd7 19.Ng5 Ne6 20.h4 Nxg5 21.hxg5 Rad8 22.e6 Qxe6
23.Qxe6 fxe6 24.Bh3 Rd2 25.Bxe6+ Kh8 26.Bf7 Rf8 27.Rxe7 Bd4 28.Rxb7 c5 29.Rxa7 Rxa2
30.Bxc5 Bxc5 31.Rxa2 Rxf7 32.Kg2 Rb7 33.Ra5 Nd7 34.Rb5 Rc7 35.Rd1 Nf8 36.Rd8 Kg8
37.Rdb8 Be7 38.R5b7 Rxb7 39.Rxb7 Bxg5 40.c5  1-0

[Event "Caissa IM March"]
[Site "Kecskemet HUN"]
[Date "2005.03.27"]
[Round "8"]
[White "Jakab,A"]
[Black "Sutorikhin,V"]
[Result "1-0"]
[WhiteElo "2439"]
[BlackElo "2364"]

1.Nf3 d5 2.g3 Nc6 3.Bg2 e5 4.O-O Nf6 5.c4 dxc4 6.Qa4 Bd6 7.Qxc4 O-O 8.Nc3 Be6
9.Qh4 h6 10.d3 Nd5 11.Qa4 Nb6 12.Qd1 Qd7 13.d4 exd4 14.Nxd4 Bh3 15.Bxh3 Qxh3
16.Nxc6 bxc6 17.Qd3 Rae8 18.Qf3 Nd5 19.Bd2 Re5 20.e4 Nf6 21.Rae1 Rfe8 22.Re2 Bb4
23.Rfe1 Qe6 24.Qg2 Qc4 25.f3 Bc5+ 26.Kh1 Bd4 27.f4 Bxc3 28.fxe5 Bxd2 29.Rxd2 Rxe5
30.b3 Qb4 31.Rde2 c5 32.Qf3 Qd4 33.Kg2 c4 34.Qf2 Qd6 35.bxc4 c5 36.Qf3 Nh7
37.Qf4 Nf6 38.Qd2 Qe6 39.Qd3 h5 40.h3 Nd7 41.Rd2 Nf6 42.Qd6 Nxe4 43.Qxe6 Rxe6
44.Rd8+ Kh7 45.Rd7 f5 46.Rxa7 Rg6 47.Re3 h4 48.g4 Nf6 49.a4 fxg4 50.a5 Nh5
51.Re4 Nf6 52.Rf4 gxh3+ 53.Kxh3 Kh6 54.Rxh4+ Nh5 55.Ra8  1-0

[Event "ch-RUS w 1st League"]
[Site "Samara RUS"]
[Date "2005.03.27"]
[Round "5"]
[White "Fominykh,M"]
[Black "Chistiakova,T"]
[Result "1-0"]
[WhiteElo "2282"]
[BlackElo "2310"]

1.Nf3 d5 2.g3 Nf6 3.Bg2 c6 4.O-O Bf5 5.d3 h6 6.Nbd2 Nbd7 7.Qe1 e6 8.e4 dxe4
9.dxe4 Bh7 10.Qe2 Be7 11.b3 Nc5 12.Rd1 Qc7 13.Ne1 O-O 14.Bb2 Rad8 15.Nd3 Nxd3
16.cxd3 e5 17.Nc4 Nd7 18.Bh3 f6 19.Ne3 Bc5 20.Nf5 Rfe8 21.Rac1 Qb6 22.Nxg7 Bxf2+
23.Kg2 Kxg7 24.Bxd7 Re7 25.Qg4+ Kh8 26.Qf3 Kg7 27.Bg4 Bd4 28.Rf1 c5 29.Ba3 Qa6
30.Rc2 Qc6 31.Bc1 Bg6 32.h4 Rd6 33.h5 Bh7 34.Bh3 Ba1 35.Bf5 Bxf5 36.Qxf5 Qe8
37.Rxc5 Qf7 38.Rc8 Re8 39.Qg4+ Kh7 40.Qg6+  1-0

[Event "ch-RUS w 1st League"]
[Site "Samara RUS"]
[Date "2005.03.31"]
[Round "9"]
[White "Lomakina,G"]
[Black "Yakovich,Yul"]
[Result "1-0"]
[WhiteElo "2196"]
[BlackElo "2083"]

1.Nf3 d5 2.g3 Bg4 3.Bg2 Nd7 4.O-O e5 5.d3 Ngf6 6.Nbd2 Bc5 7.c3 a5 8.Nxe5 Nxe5
9.d4 Bd6 10.dxe5 Bxe5 11.Nf3 Bd6 12.Nd4 c6 13.h3 Bd7 14.Qd3 O-O 15.c4 dxc4
16.Qxc4 Re8 17.Qd3 Qe7 18.e3 Bc5 19.b3 Ne4 20.Bb2 Rad8 21.Rac1 Bf5 22.Nxf5 Rxd3
23.Nxe7+ Rxe7 24.Bxe4 Rxe4 25.Rxc5 Rd2 26.Rxa5  1-0

[Event "ch-FRA Top 16 GpB"]
[Site "Cannes FRA"]
[Date "2005.04.02"]
[Round "6"]
[White "Anic,D"]
[Black "Abergel,T"]
[Result "1/2-1/2"]
[WhiteElo "2465"]
[BlackElo "2443"]

1.Nf3 d5 2.g3 Bg4 3.Bg2 Nf6 4.c4 c6 5.b3 Nbd7 6.Bb2 e6 7.d3 a5 8.O-O Bc5
9.Nbd2 O-O 10.Qc2 Re8 11.e4 dxe4 12.dxe4 e5 13.h3 Bh5 14.a3 Qb6 15.Bc3 Bd4
16.Rab1 Bxf3 17.Bxf3 Bxc3 18.Qxc3 c5 19.Qe3 Qc7 20.Rb2 Nf8 21.Nb1 a4 22.Nc3 axb3
23.Rxb3 Ne6 24.Rfb1 Rab8 25.Rb6 Red8 26.Bg4 Nxg4 27.hxg4 Rd6 28.Nd5 Qd7 29.Rxd6 Qxd6
30.Rb6 Qd7 31.Kg2 Kh8 32.Qd2 Nd4 33.Qg5 Re8 34.Qh5 Re6 35.Rxe6 Qxe6 36.g5 Kg8
37.Qh4 Nc6 38.Qh5 Nd4 39.Qh4 Nc6 40.Qh5 Na5 41.Qe2 Nc6 42.Qb2 Qd7 43.Qb6 Nd4
44.Qxc5 Ne6 45.Qa7 h6 46.Qb8+ Kh7 47.Qxe5 hxg5 48.Qb8 Nc5 49.Qf8 Nxe4 50.Ne7 Nf6
51.Qxf7 Qg4 52.Qg6+ Kh8 53.Qd3 Qe6 54.Ng6+ Kg8 55.Qd8+ Ne8 56.Ne7+ Kf7 57.Nd5 Qe4+
58.Kh2 Qh7+ 59.Kg1 Qb1+  1/2-1/2

[Event "It B"]
[Site "Dos Hermanas ESP"]
[Date "2005.04.02"]
[Round "2"]
[White "Campora,D"]
[Black "Perez Candelario,Man"]
[Result "1/2-1/2"]
[WhiteElo "2545"]
[BlackElo "2495"]

1.Nf3 d5 2.g3 Nf6 3.Bg2 c6 4.O-O Bg4 5.b3 e6 6.Bb2 Be7 7.d3 O-O 8.Nbd2 Bh5
9.h3 a5 10.a3 Na6 11.g4 Bg6 12.Ne5 Nd7 13.Nxg6 hxg6 14.e4 dxe4 15.Nxe4 Nac5
16.Nxc5 Bxc5 17.d4 Bd6 18.f4 Nf6 19.c4 Qe7 20.Qf3 Rfe8 21.Kh1 Rad8 22.Rf2 Bb8
23.Re1 Qc7 24.Kg1 Ba7 25.Rd1 Re7 26.Kf1 Red7 27.Rfd2 Bb8 28.Rf2 Ba7 29.Qe3 a4
30.b4 b5 31.g5 Nh5 32.c5 Bb8 33.Bc1 Re7 34.Rd3 f5 35.Kg1 Qd7 36.Qf3 Qd5 37.Qd1 Qd7
38.Rff3 Kf7 39.Rf2 Ree8 40.Bf1 Rh8 41.Be2 Qd5 42.Bf3 Qd7 43.Bg2 Rhe8 44.Qc2 Rh8
45.Qa2 Rhe8 46.Qc2  1/2-1/2

[Event "ch-FRA Top 16 GpA"]
[Site "Noyon FRA"]
[Date "2005.04.02"]
[Round "6"]
[White "Flear,C"]
[Black "Cochet,C"]
[Result "1/2-1/2"]
[WhiteElo "2245"]
[BlackElo "2086"]

1.Nf3 d5 2.g3 Nf6 3.Bg2 e6 4.d3 Be7 5.Nbd2 c5 6.O-O Nc6 7.c3 b6 8.Qa4 Bd7
9.Qc2 O-O 10.e4 Rb8 11.Re1 b5 12.Nf1 c4 13.exd5 exd5 14.dxc4 dxc4 15.Bf4 Rc8
16.Rad1 Qb6 17.Ng5 Bg4 18.Rd2 h6 19.Ne4 Nxe4 20.Qxe4 Be6 21.Bd6 Rfd8 22.Bxe7 Rxd2
23.Nxd2 Nxe7 24.Nf3 Nf5 25.g4 Nd6 26.Qf4 Nb7 27.Nd4 Nc5 28.Re2 a5 29.a3 Nd3
30.Qf3  1/2-1/2

[Event "3rd ch-GER Internet Blitz Candidates"]
[Site "playchess INT"]
[Date "2005.04.02"]
[Round "6"]
[White "Junge,Ka"]
[Black "Heyken,E"]
[Result "0-1"]
[WhiteElo "2256"]
[BlackElo "2331"]

1.Nf3 d5 2.g3 g6 3.Bg2 Bg7 4.d4 Nh6 5.O-O Nf5 6.c3 Nc6 7.Nbd2 O-O 8.e4 dxe4
9.Nxe4 Nd6 10.Nxd6 exd6 11.Re1 Bg4 12.h3 Bf5 13.Qb3 Rb8 14.Bg5 Qd7 15.g4 Na5
16.Qb4 Nc6 17.Qb3 Na5 18.Qd1 Be6 19.d5 Bxg4 20.hxg4 Qxg4 21.Be3 Nc4 22.Bd4 Nxb2
23.Qe2 Na4 24.Qc2 b5 25.Bxg7 Kxg7 26.Nd4 a6 27.Re4 Qg5 28.Rae1 h5 29.c4 Nc5
30.R4e3 b4 31.Rg3 Qf6 32.Nc6 Rb6 33.Qe2 a5 34.Qe7 Qxe7 35.Rxe7 a4 36.Na5 b3
37.axb3 axb3 38.Nxb3 Nxb3 39.Rxc7 Nd4 40.Kh2 Rb2 41.c5 Rxf2 42.c6 Nf5 43.Rf3 Rc2
44.Rd7 Ra8 45.c7 Raa2 46.Rxf5 Rxg2+ 47.Kh1 Rgc2 48.Rfxf7+ Kh6 49.Rh7+ Kg5
50.Rhe7 Rc1+  0-1

[Event "3rd ch-GER Internet Blitz Candidates"]
[Site "playchess INT"]
[Date "2005.04.02"]
[Round "8"]
[White "Enzmann,S"]
[Black "Wornath,K"]
[Result "0-1"]
[WhiteElo "2204"]
[BlackElo "2388"]

1.Nf3 d5 2.g3 c6 3.Bg2 Bg4 4.O-O Nd7 5.c4 Ngf6 6.cxd5 cxd5 7.d4 Bxf3 8.Bxf3 e6
9.Nc3 Be7 10.e4 Nb6 11.exd5 Nfxd5 12.Re1 O-O 13.a4 a5 14.Qb3 Bb4 15.Bd2 Rc8
16.Re5 Nc4 17.Bxd5 Nxe5 18.Bxe6 fxe6 19.Qxe6+ Nf7  0-1

[Event "3rd ch-GER Internet Blitz Candidates"]
[Site "playchess INT"]
[Date "2005.04.02"]
[Round "12"]
[White "Enzmann,S"]
[Black "Polaczek,R"]
[Result "1/2-1/2"]
[WhiteElo "2204"]
[BlackElo "2426"]

1.Nf3 d5 2.g3 c6 3.Bg2 Bf5 4.O-O h6 5.c4 e6 6.cxd5 exd5 7.d3 Nf6 8.Nc3 Be7
9.Qb3 Qb6 10.e4 dxe4 11.Qxb6 axb6 12.Nd4 Bc8 13.dxe4 Nbd7 14.Nf5 Kf8 15.Nxe7 Kxe7
16.e5 Ne8 17.Be3 Nc7 18.Rfe1 Re8 19.Bh3 Nc5 20.Bxc8 Raxc8 21.Bxc5+ bxc5 22.Ne4 Rb8
23.Nxc5 Ne6 24.Ne4 Nd4 25.Red1 Nf3+ 26.Kg2 Nxe5 27.Re1 Kf8 28.Nd6 Re6 29.Rad1 b5
30.f4 Ng4 31.Rxe6 fxe6 32.Re1 Ra8 33.a3 Ke7 34.Nf5+ Kf7 35.Nd4 Rd8 36.Nxc6 Rd2+
37.Kh3 h5 38.Ne5+ Nxe5 39.Rxe5 Rxb2 40.Rxh5 Rb3 41.Re5 Kf6 42.Kg4 g6 43.h4 Rxa3
44.Rxb5 Rc3 45.Rb6 Rd3 46.Rc6 Rb3 47.Ra6 Rc3 48.Ra8 Rb3 49.Rf8+ Kg7 50.Re8 Kf7
51.Ra8 Kf6 52.Rg8 Kf7 53.Ra8 Kf6  1/2-1/2

[Event "3rd ch-GER Internet Blitz Candidates"]
[Site "playchess INT"]
[Date "2005.04.02"]
[Round "15"]
[White "Junge,Ka"]
[Black "Heinzel,O"]
[Result "1/2-1/2"]
[WhiteElo "2256"]
[BlackElo "2402"]

1.Nf3 d5 2.g3 Nf6 3.Bg2 Bf5 4.O-O e6 5.d3 h6 6.Nbd2 Be7 7.Qe1 O-O 8.e4 Bh7
9.Ne5 c6 10.f4 a5 11.a4 Na6 12.Kh1 Nb4 13.Qd1 dxe4 14.Nxe4 Nxe4 15.dxe4 Qxd1
16.Rxd1 Nxc2 17.Rb1 Rfd8 18.Bd2 Nb4 19.Bc3 Rxd1+ 20.Rxd1 Rd8 21.Rf1 Bd6 22.Nc4 Bc7
23.h4 b6 24.Bxb4 axb4 25.Kh2 Rd4 26.b3 Bxe4 27.Bxe4 Rxe4 28.Rd1 b5 29.axb5 cxb5
30.Nd2 Rd4 31.Kg2 e5 32.fxe5 Bxe5 33.Kf3 f5 34.Ke3 Rd8 35.Rf1 Bxg3 36.Rxf5 Bxh4
37.Ne4 Rb8 38.Nd6 g6 39.Re5 Bg3 40.Re6 Kg7 41.Ne4 Bh2 42.Re7+ Kg8 43.Rd7 Rf8
44.Rd5 Bg1+ 45.Ke2 Re8 46.Kd3 Rf8 47.Ke2 Rf4 48.Nd6 h5 49.Rg5 Rg4 50.Rxg4 hxg4
51.Nxb5 Kf7 52.Kf1 Bc5 53.Nc7 Kf6 54.Nd5+ Ke5 55.Nc7 Kd4 56.Nb5+ Kd3 57.Kg2 Kc2
58.Kg3 Kxb3 59.Kxg4 Kc4 60.Nc7 b3 61.Kg5 b2 62.Kxg6 b1=Q+ 63.Kf7 Qb7 64.Ke6 Qxc7
65.Kf5 Qe7 66.Kf4 Kd3 67.Kf3 Qf6+ 68.Kg4 Ke2 69.Kg3  1/2-1/2

[Event "ch-FRA Top 16 GpB"]
[Site "Cannes FRA"]
[Date "2005.04.03"]
[Round "7"]
[White "Chabanon,JL"]
[Black "Marciano,D"]
[Result "1/2-1/2"]
[WhiteElo "2431"]
[BlackElo "2522"]

1.Nf3 d5 2.g3 Bg4 3.Bg2 Nd7 4.O-O c6 5.d3 Ngf6 6.Nbd2 e5 7.h3 Bh5 8.e4 Bd6
9.Qe1 O-O 10.Nh4 Re8 11.Nf5 Bf8 12.Kh1 Nc5 13.Nb3 Ne6 14.Bd2 Qc7 15.f4 exf4
16.gxf4 dxe4 17.dxe4 Nc5 18.Nxc5 Bxc5 19.Nxg7 Kxg7 20.Bc3 Qe7 21.Qh4 Bb4
22.Bxf6+ Qxf6 23.Qxh5 Rad8 24.c3 Bf8 25.e5 Qg6 26.Qe2 Qd3 27.Qg4+ Qg6 28.Rad1 Qxg4
29.hxg4 Rxd1 30.Rxd1 f6 31.exf6+ Kxf6 32.Bf3 h5 33.gxh5 Kf5 34.Kg2 Re7 35.Rd8 Bh6
36.Kf2 Kxf4 37.Rd6 Bg5 38.Rd4+ Kf5 39.Bg4+ Ke5 40.Rd7 Rxd7 41.Bxd7 c5 42.Ke2 a5
43.Kd3 b6 44.Kc4 Kd6 45.Bg4 Bh6 46.Bf3 Bg5 47.Bd1 Bh6 48.Bg4 Bg5 49.Bd1 Bh6
50.a4  1/2-1/2

[Event "ch-FRA Top 16 GpA"]
[Site "Noyon FRA"]
[Date "2005.04.03"]
[Round "7"]
[White "Letreguilly,O"]
[Black "Milliet,S"]
[Result "0-1"]
[WhiteElo "2274"]
[BlackElo "2309"]

1.Nf3 d5 2.g3 Bg4 3.Bg2 Nd7 4.O-O e6 5.d3 Bd6 6.Nbd2 Ne7 7.b3 O-O 8.Bb2 e5
9.h3 Bh5 10.e4 c6 11.Qe1 d4 12.Nh4 f6 13.f4 Bf7 14.Qe2 b5 15.Kh1 a5 16.c3 dxc3
17.Bxc3 Bb4 18.Rac1 Ra7 19.Ndf3 Qb8 20.fxe5 Bxc3 21.Rxc3 Nxe5 22.d4 N5g6
23.Qf2 a4 24.b4 a3 25.Rfc1 Ra4 26.Nxg6 Bxg6 27.Nh4 Qd6 28.Nxg6 hxg6 29.d5 cxd5
30.exd5 Qxb4 31.Qc5 Qxc5 32.Rxc5 Nf5 33.Rxb5 Nxg3+ 34.Kh2 Nf5 35.Rb7 Re8
36.Rbc7 Rb4 37.d6 Nxd6 38.Bd5+ Kh7 39.R7c6 Rb2+ 40.Kg1 Nf5 41.Re6 Rxe6 42.Bxe6 Nd4
43.Bg4 Ne2+ 44.Bxe2 Rxe2 45.Ra1 Kh6 46.Kh1 Kh5  0-1

[Event "3rd ch-GER Internet Blitz KO"]
[Site "playchess INT"]
[Date "2005.04.03"]
[Round "1.3"]
[White "Movsesian,S"]
[Black "Drabke,L"]
[Result "1-0"]
[WhiteElo "2624"]
[BlackElo "2456"]

1.Nf3 d5 2.g3 c6 3.Bg2 Bg4 4.O-O Nd7 5.d3 e6 6.e4 Bd6 7.h3 Bh5 8.Re1 Ne7
9.Nbd2 O-O 10.Qe2 c5 11.Nf1 b5 12.g4 Bg6 13.e5 Bc7 14.Bf4 b4 15.Ng3 Nc6 16.h4 h6
17.h5 Bh7 18.Qd2 Qb8 19.Bxh6 Ndxe5 20.Nxe5 Bxe5 21.Be3 Bxb2 22.Bxc5 Bxa1
23.Rxa1 Rc8 24.Re1 a5 25.h6 gxh6 26.Qxh6 Bg6 27.Nh5 Bxh5 28.gxh5  1-0

[Event "3rd ch-GER Internet Blitz GpA"]
[Site "playchess INT"]
[Date "2005.04.03"]
[Round "1.3"]
[White "Movsesian,S"]
[Black "Gramlich,S"]
[Result "1-0"]
[WhiteElo "2624"]
[BlackElo "2064"]

1.Nf3 d5 2.g3 Nf6 3.Bg2 c6 4.O-O Bg4 5.d3 Nbd7 6.Qe1 e6 7.h3 Bh5 8.e4 dxe4
9.dxe4 Bc5 10.Nbd2 Qc7 11.a3 Qxg3 12.b4 Bb6 13.e5 Nd5 14.Kh1 Qg6 15.Ne4 O-O
16.Nh4  1-0

[Event "3rd ch-GER Internet Blitz GpA"]
[Site "playchess INT"]
[Date "2005.04.03"]
[Round "2.3"]
[White "Movsesian,S"]
[Black "Krivoshey,S"]
[Result "1-0"]
[WhiteElo "2624"]
[BlackElo "2487"]

1.Nf3 d5 2.g3 c6 3.Bg2 Bg4 4.O-O Nd7 5.d3 Ngf6 6.Nbd2 e5 7.h3 Bh5 8.e4 dxe4
9.dxe4 Be7 10.Qe1 O-O 11.Nc4 Qc7 12.a4 Rfe8 13.Nh4 Nc5 14.Bd2 Nfd7 15.Nf5 Bf8
16.Ba5 b6 17.Bc3 f6 18.Kh2 Bf7 19.Qe2 Ne6 20.Rfd1 Red8 21.Ncd6 Ndc5 22.Nxf7 Qxf7
23.b4 Nb7 24.Qe3 Rxd1 25.Rxd1 Rd8 26.Rxd8 Nbxd8 27.Bf1 g6 28.Bc4 Qd7 29.Qf3 Kh8
30.Ne3 Bg7 31.Qg4 Qe7 32.h4 Bh6 33.Ng2 Bf8 34.f4 exf4 35.gxf4 Bg7 36.h5 Nf8
37.hxg6 Nxg6 38.Qf5 Qd6 39.Kg3 Qc7 40.Bxf6 Qd6 41.e5 Qd1 42.Bxg7+ Kxg7 43.Qf6+ Kh6
44.Qg5+ Kg7 45.f5  1-0

[Event "FSIM April"]
[Site "Budapest HUN"]
[Date "2005.04.05"]
[Round "4"]
[White "Jakab,A"]
[Black "Cherniack,A"]
[Result "1-0"]
[WhiteElo "2448"]
[BlackElo "2238"]

1.Nf3 d5 2.g3 c6 3.Bg2 Bg4 4.c4 e6 5.cxd5 exd5 6.O-O Nd7 7.d3 Ngf6 8.Qc2 Bd6
9.e4 O-O 10.Nc3 Rc8 11.h3 Be6 12.Ng5 Bc5 13.Kh2 h6 14.Nxe6 fxe6 15.f4 Nb6
16.Ne2 Nbd7 17.e5 Nh7 18.f5 Qe7 19.d4 Bb6 20.fxe6 Rxf1 21.exd7 Rcf8 22.Bxf1 Rxf1
23.Bg5 Rf2+ 24.Kg1 Nxg5 25.Kxf2 Qxd7 26.h4 Qf7+ 27.Kg1 Ne4 28.Rf1 Qe6 29.Kg2 c5
30.Nc3 Nxc3 31.Qxc3 cxd4 32.Qf3 Bc5 33.Qf5 Qb6 34.b3 Qa5 35.Rf2 b6 36.Qe6+ Kh8
37.Qxd5 Qe1 38.e6 Qe3 39.Rf3 Qe2+ 40.Kh3 a5 41.Kg4 Be7 42.Kh3 Bc5 43.Qf5 Qd1
44.Qe4 h5 45.Rf7 Kg8 46.Qa8+ Kh7 47.Qf3 Qe1 48.Qxh5+ Kg8 49.Qg6 Qh1+ 50.Kg4 Qd1+
51.Kg5 Qd2+ 52.Kh5 Qe2+ 53.g4 Qe5+ 54.Qf5 Qd6 55.Rd7  1-0

[Event "Belgrade Cup"]
[Site "Belgrade SCG"]
[Date "2005.04.07"]
[Round "3"]
[White "Vukovic,D"]
[Black "Karaklajic,N"]
[Result "0-1"]
[WhiteElo "2204"]
[BlackElo "2365"]

1.Nf3 d5 2.g3 c6 3.Bg2 Bg4 4.d4 Nd7 5.Nbd2 Ngf6 6.O-O e6 7.b3 a5 8.a3 Be7
9.Ne5 Nxe5 10.dxe5 Nd7 11.Bb2 O-O 12.f3 Bh5 13.e3 f6 14.exf6 Bxf6 15.Bxf6 Qxf6
16.Qe2 Bg6 17.Rfc1 a4 18.b4 Bxc2 19.Ne4 dxe4 20.Qxc2 exf3 21.Rf1 Qe5 22.Bxf3 Rxf3  0-1

[Event "ch-RUS u18"]
[Site "Nojabrsk RUS"]
[Date "2005.04.08"]
[Round "3"]
[White "Askarov,M"]
[Black "Reshetnikov,A"]
[Result "0-1"]
[WhiteElo "2455"]
[BlackElo "2355"]

1.g3 d5 2.Nf3 Nf6 3.Bg2 c6 4.d4 Bf5 5.c4 e6 6.Nc3 h6 7.O-O Nbd7 8.Nd2 Be7
9.b3 O-O 10.Bb2 Bh7 11.Re1 Qa5 12.a3 Rfd8 13.e3 a6 14.Qe2 Rac8 15.b4 Qc7
16.Rac1 Qb8 17.Nb3 Nb6 18.Nd2 Nxc4 19.Nxc4 dxc4 20.Qxc4 Qa7 21.Qb3 b5 22.Nb1 Be4
23.f3 Bg6 24.Bc3 Nd5 25.Kh1 a5 26.bxa5 Nxc3 27.Rxc3 Qxa5 28.Rec1 c5 29.Qb2 c4
30.f4 Bd3 31.Nd2 b4 32.axb4 Bxb4  0-1

[Event "7th UI&UL GM"]
[Site "Dhaka BAN"]
[Date "2005.04.09"]
[Round "6"]
[White "Suresh,KT"]
[Black "Saptarshi,R"]
[Result "1/2-1/2"]
[WhiteElo "2226"]
[BlackElo "2391"]

1.Nf3 d5 2.g3 g6 3.Bg2 Bg7 4.O-O e5 5.d3 Ne7 6.Nbd2 O-O 7.e4 Nbc6 8.c3 h6
9.Qe2 Re8 10.Re1 Be6 11.Nb3 b6 12.d4 Bg4 13.exd5 Nxd5 14.h3 Bd7 15.Qc4 Nce7
16.Nxe5 Be6 17.Qf1 Rc8 18.Bd2 c5 19.c4 Nb4 20.Bxb4 cxb4 21.d5 Bf5 22.Nd4 a6
23.g4 Qd6 24.Ndf3  1/2-1/2

[Event "Bundesliga 2004-5"]
[Site "Koelln GER"]
[Date "2005.04.09"]
[Round "14"]
[White "Hickl,J"]
[Black "Svidler,P"]
[Result "1/2-1/2"]
[WhiteElo "2531"]
[BlackElo "2725"]

1.Nf3 d5 2.g3 g6 3.c4 d4 4.Bg2 Bg7 5.O-O c5 6.d3 Nc6 7.Na3 Nf6 8.Nc2 O-O
9.a3 a5 10.b3 e5 11.Rb1 e4 12.Nfe1 Re8 13.Bg5 Bf5 14.b4 axb4 15.axb4 b6 16.dxe4 Bxe4  1/2-1/2

[Event "ch-RUS u18"]
[Site "Nojabrsk RUS"]
[Date "2005.04.09"]
[Round "4"]
[White "Bryndin,A"]
[Black "Romanov,E"]
[Result "0-1"]
[WhiteElo "2272"]
[BlackElo "2437"]

1.Nf3 d5 2.g3 c6 3.Bg2 Nf6 4.c4 dxc4 5.O-O Bf5 6.Na3 Qd5 7.Ng5 Qd4 8.d3 e6
9.Nxc4 Na6 10.Be3 Qd8 11.Ne5 Bg6 12.Nxc6 bxc6 13.Bxc6+ Nd7 14.Qa4 Nc5 15.Bxc5 Bxc5
16.Rac1 Bb6 17.Ne4 Rb8 18.Nd6+ Ke7 19.Qa3 Bc5 20.Rxc5 Nxc5 21.Nc4 Kf8 22.Ne5 Qe7
23.b4 Qc7 24.Qc3 Na4 25.Qd4 Nb6 26.Rc1 f6 27.Qc5+ Qe7 28.Nd7+ Nxd7 29.Qxa7 Rd8
30.Bxd7 Rxd7 31.Qb8+ Kf7  0-1

[Event "ch-RUS u18"]
[Site "Nojabrsk RUS"]
[Date "2005.04.09"]
[Round "4"]
[White "Lavrov,Ma1"]
[Black "Uzhva,A"]
[Result "1-0"]
[WhiteElo "2344"]
[BlackElo "2247"]

1.Nf3 d5 2.g3 Nf6 3.Bg2 e6 4.O-O c5 5.d3 Nc6 6.Nbd2 Be7 7.Re1 O-O 8.e4 b6
9.e5 Nd7 10.Nf1 f6 11.exf6 Bxf6 12.c3 Nde5 13.Nxe5 Bxe5 14.Ne3 Bc7 15.h4 Qd6
16.Qe2 Bd7 17.h5 Rae8 18.h6 g6 19.Bd2 Nb8 20.Rad1 Bc6 21.Bc1 e5 22.c4 d4
23.Nd5 Bd8 24.Bd2 Na6 25.Rb1 Nc7 26.Nxc7 Bxc7 27.b4 Bxg2 28.Kxg2 Qc6+ 29.Qe4 Qa4
30.bxc5 Qxa2 31.Rb4 bxc5 32.Qd5+ Rf7 33.Rb7 Rd8 34.Qe6 Kf8 35.Rxc7 Rxc7 36.Qf6+ Ke8
37.Bg5  1-0

[Event "ch-CUB GpA"]
[Site "Santa Clara CUB"]
[Date "2005.04.09"]
[Round "3"]
[White "Mena Crespo,C"]
[Black "Perez,Lu"]
[Result "1/2-1/2"]
[WhiteElo "2396"]
[BlackElo "2420"]

1.Nf3 d5 2.g3 g6 3.d4 Bg7 4.c4 dxc4 5.Bg2 Nf6 6.Qa4+ Bd7 7.Qxc4 O-O 8.Nc3 Bc6
9.O-O a6 10.Qd3 b5 11.a3 Nbd7 12.Rd1 Bb7 13.e4 e6 14.Qe2 Qb8 15.Bf4 Nh5 16.Be3 Nhf6
17.Bf4 Nh5 18.Be3 f5 19.exf5 exf5 20.d5 Qe8 21.Qd2 Nhf6 22.Ng5 Ne5 23.Bc5 Nc4
24.Qc2 Nd6 25.Ne6 Rf7 26.Nxc7 Rxc7 27.Bxd6 Rd7 28.Bf4 Qf7 29.Qb3 Rad8 30.Rd3 Nxd5
31.Rad1 Bxc3 32.bxc3 Bc6 33.Be5 Nb6 34.Qxf7+ Kxf7 35.Rxd7+ Rxd7 36.Rxd7+ Bxd7
37.Bd4 Nc4  1/2-1/2

[Event "Bundesliga 2004-5"]
[Site "Tegernsee GER"]
[Date "2005.04.09"]
[Round "14"]
[White "Schebler,G"]
[Black "Reuss,A"]
[Result "0-1"]
[WhiteElo "2500"]
[BlackElo "2371"]

1.Nf3 d5 2.g3 c6 3.Bg2 Bg4 4.O-O Nd7 5.d4 e6 6.Nbd2 Ngf6 7.Re1 Bd6 8.e4 dxe4
9.Nxe4 Nxe4 10.Rxe4 Nf6 11.Re1 O-O 12.c3 Qc7 13.Qb3 Nd7 14.Nd2 e5 15.Ne4 exd4
16.Nxd6 Qxd6 17.Bf4 Qf6 18.Qxb7 g5 19.Bc7 d3 20.Re3 Rae8 21.h3 Rxe3 22.fxe3 Be2
23.Qxc6 Qe6 24.Kf2 Qf5+ 25.Ke1 Re8 26.e4 Bf3 27.Qa8 Rxa8 28.exf5 Bxg2 29.Kd2 Bxh3
30.Kxd3 Bxf5+ 31.Kd4 Be6 32.b3 Rc8 33.Bd6 Rc6 34.Be7 f6 35.c4 Kf7  0-1

[Event "1st ch-SCG"]
[Site "Kopaonik SCG"]
[Date "2005.04.10"]
[Round "9"]
[White "Pavlovic,Mi1"]
[Black "Nadj Hedjesi,B"]
[Result "1-0"]
[WhiteElo "2475"]
[BlackElo "2392"]

1.Nf3 d5 2.g3 c6 3.Bg2 Bg4 4.O-O Nd7 5.d4 Ngf6 6.Nbd2 e6 7.Re1 Bd6 8.e4 dxe4
9.Nxe4 Nxe4 10.Rxe4 Nf6 11.Re1 O-O 12.c3 Qc7 13.Qb3 Bxf3 14.Bxf3 Rac8 15.Bg5 Rfd8
16.Rad1 Be7 17.Re2 h6 18.Bc1 Rd7 19.Rde1 Bd6 20.Kg2 b6 21.h4 c5 22.dxc5 Bxc5
23.Qb5 Be7 24.Rd2 Rcd8 25.Red1 Rxd2 26.Rxd2 Rxd2 27.Bxd2 e5 28.Qc6 Qd8 29.Qa8 Kf8
30.Qxd8+ Bxd8 31.Bb7 Ke7 32.Kf3 Kd6 33.b4 Nd7 34.Ke4 Nf6+ 35.Kd3 Ng4 36.f3 Nf6
37.g4 e4+ 38.Kd4 exf3 39.Bxf3 Kd7 40.c4 Ne8 41.g5 hxg5 42.hxg5 f5 43.b5 Nc7
44.Ke5 g6 45.Bc6+ Ke7 46.a4 Ne6 47.Bb4+ Nc5 48.Kd5 f4 49.Bxc5+ bxc5 50.Kxc5 Ke6
51.Kb4 Ke5 52.a5 Be7+ 53.Kc3 Bc5 54.Kd3 Kf5 55.Bd7+ Kxg5 56.Ke4 Be3 57.Kd5 f3
58.c5 Kh4 59.b6 a6 60.Bc8 g5 61.Bxa6 g4 62.c6 g3 63.c7 g2 64.c8=Q f2 65.Qh8+ Kg4
66.Bc8+ Kf4 67.Qh4+  1-0